Historia de la economía / (Record no. 124465)
[ view plain ]
| 000 -LEADER | |
|---|---|
| campo de control de longitud fija | 00918nam a2200253 i 4500 |
| 001 - NÚMERO DE CONTROL | |
| campo de control | 124465 |
| 003 - IDENTIFICADOR DE NÚMERO DE CONTROL | |
| campo de control | ES-MaACL |
| 007 - CAMPO FIJO DE DESCRIPCIÓN FÍSICA--INFORMACIÓN GENERAL | |
| campo de control de longitud fija | t| |
| 008 - DATOS DE LONGITUD FIJA--INFORMACIÓN GENERAL | |
| campo de control de longitud fija | 070328s19261942sp ||||1| spa d |
| 080 ## - NÚMERO DE LA CLASIFICACIÓN DECIMAL UNIVERSAL | |
| Número de la Clasificación Decimal Universal | 33(091) |
| 100 1# - ENTRADA PRINCIPAL--NOMBRE DE PERSONA | |
| Nombre de persona | Neurath, Otto. |
| 9 (RLIN) | 85456 |
| 245 10 - MENCIÓN DEL TÍTULO | |
| Título | Historia de la economía / |
| Mención de responsabilidad, etc. | por Otto Neurath y Heinrich Sieveking ; traducido de la 2ª edición alemana Manuel Sánchez Sarto. |
| 260 ## - PUBLICACIÓN, DISTRIBUCIÓN, ETC. | |
| Lugar de publicación, distribución, etc. | Barcelona : |
| Nombre del editor, distribuidor, etc. | Labor, |
| Fecha de publicación, distribución, etc. | 1926. |
| 300 ## - DESCRIPCIÓN FÍSICA | |
| Extensión | 2 v., lám., map. : |
| Otras características físicas | il. ; |
| Dimensiones | 17 cm. |
| 490 1# - MENCIÓN DE SERIE | |
| Mención de serie | Colección Labor ; |
| Designación de volumen o secuencia | 64, 65, y 410, 411 |
| 505 8# - NOTA DE CONTENIDO CON FORMATO | |
| Nota de contenido con formato | Contiene: 1. Antigüedad y Edad Media.-- 2. Desde el siglo XVII hasta la actualidad |
| 650 14 - PUNTO DE ACCESO ADICIONAL DE MATERIA--TÉRMINO DE MATERIA | |
| Término de materia o nombre geográfico como elemento de entrada | Economía- |
| Subdivisión de forma | Historia. |
| 9 (RLIN) | 12012 |
| 700 1# - ENTRADA AGREGADA--NOMBRE PERSONAL | |
| Nombre de persona | Sievekin, Heinrich. |
| 9 (RLIN) | 106290 |
| 700 1# - ENTRADA AGREGADA--NOMBRE PERSONAL | |
| Nombre de persona | Sánchez Sarto, Manuel. |
| 9 (RLIN) | 102931 |
| 830 00 - PUNTO DE ACCESO ADICIONAL DE SERIE-TÍTULO UNIFORME | |
| Título uniforme | Colección Labor |
| Designación de volumen o secuencia | 64, 65, y 410, 411 |
| 9 (RLIN) | 184254 |
| 852 ## - LOCALIZACIÓN | |
| Ubicación | ES-MaACL |
| Número de control de estantería | E-2606 |
| 852 ## - LOCALIZACIÓN | |
| Ubicación | ES-MaACL |
| Número de control de estantería | E-2873 |
| Estatus retirado | Estado de pérdida | Estado de daño | No para préstamo | Biblioteca de origen | Biblioteca actual | Ubicación en estantería | Fecha de adquisición | Fuente de adquisición | Total de préstamos | Signatura topográfica completa | Código de barras | Visto por última vez | Precio de reemplazo | Tipo de ítem Koha |
|---|---|---|---|---|---|---|---|---|---|---|---|---|---|---|
| Biblioteca del Ateneo de Madrid | Biblioteca del Ateneo de Madrid | Depósito 2 | 17/01/2008 | E-2873 | 1129677 | 23/02/2023 | 23/02/2023 | Libro impreso | ||||||
| Biblioteca del Ateneo de Madrid | Biblioteca del Ateneo de Madrid | Depósito 2 | 17/01/2008 | E-2606 | 1129676 | 23/02/2023 | 23/02/2023 | Libro impreso |
